Statistics for Street Fighter 4 quiz

Click here to take the quiz!

General Stats

  • This quiz has been taken 102 times
  • The average score is 25 of 35

Answer Stats

Ultra Combo Character % Correct
Metsu HadokenRyu
92%
ShinryukenKen
92%
Wrath Of The Raging DemonAkuma
91%
Nightmare BoosterM. Bison
91%
HosenkaChun - Li
87%
Violent BuffaloBalrog
85%
Tiger DestructionSagat
85%
Lightning CannonballBlanka
83%
Bloody High ClawVega
83%
Yoga CatashropheDhalsim
82%
Ultimate Atomic BusterZangief
79%
Gyro Drive SmasherCammy
78%
Ultimate Killer Head RamE - Honda
78%
Flash ExplosionGuile
73%
Tanden StreamSeth
73%
SoulessAbel
73%
Sobat FestivalDee Jay
72%
Shin ShoryukenGouken
69%
Illusion SparkRose
67%
Jaguar RevolverAdon
67%
Oil CoasterHakan
65%
Feng Shu EngineJuri
65%
El Fuerte Giga BusterEl Fuerte
65%
Shisso BuraikenDan
63%
Space Opera SymphonyRufus
63%
Bushin GoraisenpujinGuy
62%
Zetsuei / RyukohaGen
60%
Final DestructionCody
59%
Raging TyphoonT.Hawk
58%
Haru RanmanSakura
56%
RekkashingekiFei Long
54%
Rolling ThunderDudley
54%
Seichusen GodanzukiMakoto
50%
YoroitoshiIbuki
50%
Burst TimeCrimson Viper
42%

Score Distribution

Percentile by Number Answered

Percent of People with Each Score

Your Score History

You have not taken this quiz